01093 2200349 4500001002100000005001500021035002000036007000300056008004100059020002200100040002200122082001700144084001900161090002300180090002200203100003300225245012700258250002900385300003900414650004000453700002000493850001200513041000800525504003200533264003800565336002100603337003000624338002300654999002200677990002200699990002200721INLIS00000000084949620190715014641 a0010-0719000497ta190715s2018 yoia g ind d a978-602-5474-90-3 aYOPDYOGbinderda04223a346.0135 a346.0135 OKK p aDEP 346.0135 OKK p aCB-D.11 2018-30560 aOkky Chahyo Nugrohoepenulis10aPerlindungan hak sipil terhadap identitas anak di Kabupaten Bandung Barat /cpenulis, Okky Chahyo Nugroho; editor, Firdaus aCetakan I : Agustus 2018 aviii, 51 halaman :btabel ;c21 cm 4aAnak--xUndang-undang dan peraturan0 aFirdauseeditor aYOPDYOG0 aInd aBibliografi : halaman 49-50 1aYogyakarta :bPohon Cahaya,c2018 2rdacontentateks 2rdamediaatanpa perantara 2rdacarrieravolume aCB-D.11/2018-3056 aCB-D.11/2018-1504 aCB-D.11/2018-3056